|
|
|
|
| LEADER |
00000nam0a2200000 4500 |
| 001 |
250533 |
| 005 |
20231101232554.0 |
| 010 |
|
|
|a 528304386X
|
| 020 |
|
|
|a RU
|b 88-36322
|
| 035 |
|
|
|a (RuTPU)RU\TPU\book\272742
|
| 090 |
|
|
|a 250533
|
| 100 |
|
|
|a 20140214d1988 k a0rusy5003 ca
|
| 101 |
0 |
|
|a rus
|
| 102 |
|
|
|a RU
|
| 105 |
|
|
|a a z 001zy
|
| 200 |
1 |
|
|a Переходные процессы в контактно-тиристорных аппаратах
|f Г. А. Кукеков, В. Я. Фролов
|
| 210 |
|
|
|a Ленинград
|c Энергоатомиздат
|d 1988
|
| 215 |
|
|
|a 164 с.
|c ил.
|
| 320 |
|
|
|a Библиогр.: с. 158-163 (107 назв.)
|
| 606 |
1 |
|
|a Преобразователи тиристорные
|x Режим работы
|2 stltpush
|3 (RuTPU)RU\TPU\subj\51326
|9 69921
|
| 610 |
1 |
|
|a тиристоры
|
| 610 |
1 |
|
|a переходные процессы
|
| 610 |
1 |
|
|a вольт-амперные характеристики
|
| 610 |
1 |
|
|a моделирование
|
| 610 |
1 |
|
|a электрическая дуга
|
| 610 |
1 |
|
|a вентили
|
| 610 |
1 |
|
|a электромагнитные процессы
|
| 610 |
1 |
|
|a контроль
|
| 610 |
1 |
|
|a управление
|
| 675 |
|
|
|a 621.314.632
|z rus
|
| 686 |
|
|
|a 45.37
|2 rugasnti
|
| 700 |
|
1 |
|a Кукеков
|b Г. А.
|g Георгий Александрович
|
| 701 |
|
1 |
|a Фролов
|b В. Я.
|g Владимир Яковлевич
|
| 801 |
|
0 |
|a RU
|b RuMRKP
|c 19950417
|g psbo
|
| 801 |
|
1 |
|a RU
|b 63413507
|c 20140214
|
| 801 |
|
2 |
|a RU
|b 63413507
|c 20140520
|g RCR
|
| 942 |
|
|
|c BK
|